Online
Catalog

Coloquio literario : (Record no. 13597)

MARC details
000 -CABECERA
campo de control de longitud fija 01118nam a2200313 a 4500
001 - NÚMERO DE CONTROL
campo de control 000013993
003 - IDENTIFICADOR DEL NÚMERO DE CONTROL
campo de control DO-SdBNP
005 - FECHA Y HORA DE LA ÚLTIMA TRANSACCIÓN
campo de control 20250116133047.0
007 - CAMPO FIJO DE DESCRIPCIÓN FÍSICA--INFORMACIÓN GENERAL
campo de control de longitud fija ta
008 - DATOS DE LONGITUD FIJA--INFORMACIÓN GENERAL
campo de control de longitud fija 091202s2000 dr r 001 0 spa d
020 ## - NÚMERO INTERNACIONAL ESTÁNDAR DEL LIBRO
Número Internacional Estándar del Libro 9993423114
040 ## - FUENTE DE LA CATALOGACIÓN
Centro catalogador/agencia de origen DO-SdBNP
Lengua de catalogación spa
Centro/agencia transcriptor BNPHU
082 #4 - NÚMERO DE LA CLASIFICACIÓN DECIMAL DEWEY
Número de clasificación RD864.44
Número de documento/Ítem R789c
100 1# - ENTRADA PRINCIPAL--NOMBRE DE PERSONA
Nombre de persona Rosario Candelier, Bruno,
Fechas asociadas al nombre 1941-
9 (RLIN) 851
245 10 - MENCIÓN DE TÍTULO
Título Coloquio literario :
Resto del título estudios y entrevistas /
Mención de responsabilidad, etc. Bruno Rosario Candelier ; edición Gisela Vargas Ortega ; presentación George Manuel Hazoury Peña.
260 ## - PUBLICACIÓN, DISTRIBUCIÓN, ETC.
Lugar de publicación, distribución, etc. Santo Domingo :
Nombre del editor, distribuidor, etc. Banco de Reservas,
Fecha de publicación, distribución, etc. 2000.
300 ## - DESCRIPCIÓN FÍSICA
Extensión 480 p. ;
Dimensiones 24 cm.
490 1# - MENCIÓN DE SERIE
Mención de serie Banco de Reservas de la República Dominicana
490 1# - MENCIÓN DE SERIE
Mención de serie Literatura
Designación de volumen o secuencia 9
500 ## - NOTA GENERAL
Nota general Incluye datos biográficos del autor en la solapa
590 ## - NOTA LOCAL (RLIN)
Nota local Inventariado, 2019/BT
650 10 - PUNTO DE ACCESO ADICIONAL DE MATERIA--TÉRMINO DE MATERIA
Término de materia o nombre geográfico como elemento de entrada Ensayos dominicanos
9 (RLIN) 65
650 14 - PUNTO DE ACCESO ADICIONAL DE MATERIA--TÉRMINO DE MATERIA
Término de materia o nombre geográfico como elemento de entrada Literatura dominicana
9 (RLIN) 79286
700 1# - PUNTO DE ACCESO ADICIONAL--NOMBRE DE PERSONA
Nombre de persona Vargas Ortegas, Gisela,
Término indicativo de función/relación ed.
9 (RLIN) 31663
700 1# - PUNTO DE ACCESO ADICIONAL--NOMBRE DE PERSONA
Nombre de persona Hazoury Peña, George Manuel
9 (RLIN) 31664
830 ## - PUNTO DE ACCESO ADICIONAL DE SERIE-TÍTULO UNIFORME
Título uniforme Banco de Reservas de la República Dominicana
Nombre de parte o sección de la obra Literatura
Número de parte o sección de la obra 9
9 (RLIN) 31665
910 ## - DATOS DE OPCIÓN DEL USUARIO (OCLC)
Datos de opción del usuario D/G
942 ## - ELEMENTOS DE PUNTO DE ACCESO ADICIONAL (KOHA)
Fuente del sistema de clasificación o colocación Dewey Decimal Classification
Tipo de ítem Koha Libro
Holdings
Estado de retiro Estado de pérdida Fuente del sistema de clasificación o colocación No para préstamo Código de colección Localización permanente Ubicación/localización actual Ubicación en estantería Fecha de adquisición Número de inventario Total de préstamos Signatura topográfica completa Código de barras Fecha visto por última vez Número de copia Precio válido a partir de Tipo de ítem Koha Nota pública Fuente de adquisición
    Dewey Decimal Classification Préstamo en sala Dominicana de Servicio Biblioteca Nacional Pedro Henríquez Ureña Dominicana Depósito 06.02.2019 LF1   BNPHU DS R789c 13993-30 25.06.2020 e. 3 25.06.2020 Libro y Folleto Colección Dominicana de Servicio    
    Dewey Decimal Classification Préstamo en sala Dominicana de Servicio Biblioteca Nacional Pedro Henríquez Ureña Dominicana Depósito 28.05.2019 LF1   BNPHU DS R789c 13993-40 25.06.2020 e. 4 25.06.2020 Libro y Folleto Colección Dominicana de Servicio Perteneció a la biblioteca personal de Maritza Baez.  
    Dewey Decimal Classification Préstamo en sala Dominicana de Servicio Biblioteca Nacional Pedro Henríquez Ureña Dominicana Depósito 19.07.2021     BNPHU DS RD864.44 R789c 2021-25235 19.07.2021 e.5 19.07.2021 Libro y Folleto Colección Dominicana de Servicio   Donado / CERTV
    Dewey Decimal Classification Excluido de préstamo Patrimonio Dominicano Biblioteca Nacional Pedro Henríquez Ureña Patrimonio Dominicano Depósito 02.12.2009 LF1   BNPHU PD R789c 13993-10 25.06.2020   25.06.2020 Libro y Folleto Colección Patrimonio Dominicano    
    Dewey Decimal Classification Excluido de préstamo Patrimonio Dominicano Biblioteca Nacional Pedro Henríquez Ureña Patrimonio Dominicano Depósito 02.12.2009 LF1   BNPHU PD R789c 13993-20 25.06.2020 e. 2 25.06.2020 Libro y Folleto Colección Patrimonio Dominicano    

Powered by Koha